[Event "16. Sparkassen Open 2017 - Gruppe A"]
[Site "Forchheim"]
[Date "2017.09.30"]
[Round "2.1"]
[White "Henrich, Thomas"]
[Black "Krassowizkij, Jaroslaw"]
[Result "0-1"]
[WhiteElo "2310"]
[BlackElo "2440"]
[PlyCount "138"]
[EventDate "2017.??.??"]
[WhiteTeam "SK Marburg"]
[BlackTeam "SV Jedesheim"]

1. d4 Nf6 2. c4 c5 3. d5 e5 4. Nc3 d6 5. e4 Be7 6. Nf3 h5 7. h3 h4 8. Be2 Nbd7
9. Be3 Nf8 10. Qd2 Ng6 11. O-O-O Bd7 12. Kb1 a6 13. Qc2 Nh5 14. Ne1 Bg5 15. Qd2
Bxe3 16. Qxe3 Nf6 17. Ka1 Qa5 18. Bd3 b5 19. Ne2 Nh5 20. Rb1 Nhf4 21. b4 cxb4
22. c5 dxc5 23. Qxc5 Rc8 24. Qxb4 Qb6 25. Nxf4 Nxf4 26. Qb2 O-O 27. g3 Ng6 28.
gxh4 Nxh4 29. Rg1 Rfe8 30. Rg3 f5 31. exf5 Nxf5 32. Bxf5 Bxf5 33. Rd1 Qd6 34.
Rg5 Be4 35. f4 Bxd5 36. fxe5 Qh6 37. Rg3 Rxe5 38. Rgd3 Qe6 39. Qb4 Rc4 40. Qd2
Re2 41. Qg5 Rxe1 42. Rxd5 Rxd1+ 43. Rxd1 Rc8 44. Rg1 Qd7 45. Qe5 Re8 46. Qc3
Re4 47. Kb1 Rc4 48. Qe5 Qd3+ 49. Kb2 Qc2+ 50. Ka1 Qc3+ 51. Qxc3 Rxc3 52. Rg6
Rxh3 53. Rxa6 Rh5 54. Kb2 Kf7 55. Kc3 Rd5 56. a4 bxa4 57. Rxa4 Kf6 58. Rf4+ Rf5
59. Rg4 Rg5 60. Rf4+ Ke5 61. Rf8 Rf5 62. Rg8 g5 63. Kd3 Kf4 64. Ke2 Kg3 65. Ra8
g4 66. Rg8 Kh3 67. Rg7 g3 68. Rh7+ Kg2 69. Rh8 Re5+ 0-1

[Event "16. Sparkassen Open 2017 - Gruppe A"]
[Site "Forchheim"]
[Date "2017.09.30"]
[Round "2.2"]
[White "Singer, Christoph"]
[Black "Epding, Olaf"]
[Result "1/2-1/2"]
[WhiteElo "2375"]
[BlackElo "2255"]
[PlyCount "40"]
[EventDate "2017.??.??"]
[WhiteTeam "FC Bayern München"]
[BlackTeam "SC Noris-Tarrasch Nürnberg"]

1. e4 e6 2. d4 d5 3. Nd2 c5 4. exd5 exd5 5. Bb5+ Nc6 6. Ngf3 Bd6 7. O-O Nge7 8.
dxc5 Bxc5 9. Nb3 Bb6 10. c3 O-O 11. Bd3 Qd6 12. Bg5 h6 13. Bh4 Bg4 14. Bg3 Qf6
15. Be2 Rfd8 16. Nfd4 Bxe2 17. Nxe2 Nf5 18. Nf4 Qg5 19. Nh3 Qf6 20. Nf4 Qg5
1/2-1/2

[Event "16. Sparkassen Open 2017 - Gruppe A"]
[Site "Forchheim"]
[Date "2017.09.30"]
[Round "2.3"]
[White "Gegenfurtner, Jürgen"]
[Black "Linsenmeyer, Mario"]
[Result "0-1"]
[WhiteElo "2293"]
[BlackElo "2105"]
[PlyCount "84"]
[EventDate "2017.??.??"]
[WhiteTeam "SV Seubelsdorf"]
[BlackTeam "FSV Großenseebach"]

1. e4 c5 2. Nf3 d6 3. d4 cxd4 4. Nxd4 Nf6 5. Nc3 a6 6. Be2 e5 7. Nb3 Be7 8. O-O
O-O 9. f4 b5 10. a4 b4 11. Nd5 Nxd5 12. exd5 a5 13. c4 bxc3 14. bxc3 Nd7 15. c4
Bf6 16. Ra3 Qb6+ 17. Kh1 Re8 18. Bd3 e4 19. Re1 Bc3 20. Rxe4 Rxe4 21. Bxe4 Nf6
22. Qc2 Nxe4 23. Qxe4 Bd7 24. Qc2 Re8 25. Qxc3 Qb4 26. Bd2 Qxa3 27. h3 Qxa4 28.
Kh2 h5 29. Kg3 Qb4 30. Qxb4 axb4 31. Kf2 Ba4 32. Na5 b3 33. Bc3 Ra8 34. Nc6
Bxc6 35. dxc6 Rc8 36. Ke3 Rxc6 37. Kd3 h4 38. Bb2 Kh7 39. f5 Rc5 40. f6 gxf6
41. Bxf6 Kg6 42. Be7 Rxc4 0-1

[Event "16. Sparkassen Open 2017 - Gruppe A"]
[Site "Forchheim"]
[Date "2017.09.30"]
[Round "2.4"]
[White "Fieberg, Samuel"]
[Black "Hilverda, Alexander"]
[Result "0-1"]
[WhiteElo "2239"]
[BlackElo "2354"]
[PlyCount "80"]
[EventDate "2017.??.??"]
[WhiteTeam "SG Porz"]
[BlackTeam "SC Erlangen"]

1. e4 e5 2. Nf3 Nc6 3. Bc4 Nf6 4. d3 Be7 5. O-O O-O 6. Re1 d6 7. a4 Na5 8. Ba2
c5 9. c3 Nc6 10. Na3 h6 11. Nc2 Be6 12. b4 Bxa2 13. Rxa2 a6 14. Rb2 cxb4 15.
cxb4 d5 16. b5 Na5 17. exd5 Nxd5 18. Bd2 Bf6 19. Re4 Nf4 20. Bxf4 exf4 21. Rb1
g5 22. Nfd4 Qd7 23. Qh5 Bg7 24. Rbe1 Rfe8 25. h4 Rxe4 26. Rxe4 Rc8 27. hxg5 Rc5
28. Qe2 hxg5 29. Qe1 Nb3 30. Qb4 Bxd4 31. Qxb3 Bf6 32. bxa6 bxa6 33. d4 Rc7 34.
d5 Rc3 35. Qb6 Kg7 36. Re2 Qxa4 37. Qb1 Rd3 38. Qb4 Qb5 39. d6 Rd1+ 40. Re1
Qxb4 0-1

[Event "16. Sparkassen Open 2017 - Gruppe A"]
[Site "Forchheim"]
[Date "2017.09.30"]
[Round "2.5"]
[White "Arnold, Max"]
[Black "Golda, Harald"]
[Result "1/2-1/2"]
[WhiteElo "2279"]
[BlackElo "2268"]
[PlyCount "82"]
[EventDate "2017.??.??"]
[WhiteTeam "SK Ettlingen"]
[BlackTeam "SK Schweinfurt"]

1. e4 c5 2. c3 Nf6 3. e5 Nd5 4. d4 cxd4 5. Nf3 Nc6 6. cxd4 e6 7. Bc4 d6 8. O-O
Be7 9. exd6 Qxd6 10. Nc3 Nxc3 11. bxc3 O-O 12. Re1 b6 13. Ng5 h6 14. Ne4 Qd8
15. Qf3 Na5 16. Bb3 Nxb3 17. axb3 Bd7 18. Bf4 Bc6 19. Nf6+ Bxf6 20. Qxc6 Rc8
21. Qf3 a5 22. Re3 Bg5 23. Bxg5 Qxg5 24. g3 Rfd8 25. Rd1 Qb5 26. c4 Qb4 27. Re5
Qa3 28. Kg2 a4 29. Rd3 axb3 30. Rxb3 Qd6 31. Reb5 Qxd4 32. Rxb6 Qxc4 33. Rb7
Rf8 34. Rd3 Rc5 35. Rxf7 Rxf7 36. Rd8+ Kh7 37. Qxf7 Rf5 38. Qg8+ Kg6 39. Qe8+
Rf7 40. Rd2 Qe4+ 41. Kh3 Qf5+ 1/2-1/2

[Event "16. Sparkassen Open 2017 - Gruppe A"]
[Site "Forchheim"]
[Date "2017.09.30"]
[Round "2.6"]
[White "De Silva, Joel Niels"]
[Black "Schulz, Lukas"]
[Result "1-0"]
[WhiteElo "2101"]
[BlackElo "2248"]
[PlyCount "63"]
[EventDate "2017.??.??"]
[WhiteTeam "SV Hockenheim"]
[BlackTeam "SC Forchheim"]

1. e4 c5 2. b3 Nc6 3. Bb2 d6 4. Bc4 Nf6 5. Nc3 e6 6. Nf3 a6 7. a4 d5 8. Bd3 Nb4
9. e5 Nxd3+ 10. cxd3 Nd7 11. d4 b6 12. a5 Rb8 13. O-O Be7 14. Na4 bxa5 15. dxc5
Nxc5 16. Nxc5 Bxc5 17. d4 Bb4 18. Ne1 Bd7 19. Nd3 Bb5 20. Nxb4 axb4 21. Re1 Rc8
22. Qg4 g6 23. Bc1 Rc3 24. Bg5 Qc7 25. Rec1 a5 26. Qf4 f5 27. Qh4 O-O 28. Bd2
Rc6 29. Bh6 Rc8 30. Rxc6 Bxc6 31. Rc1 Kf7 32. Rxc6 1-0

[Event "16. Sparkassen Open 2017 - Gruppe A"]
[Site "Forchheim"]
[Date "2017.09.30"]
[Round "2.7"]
[White "Seyb, Alexander"]
[Black "Reis, Gerhard"]
[Result "1-0"]
[WhiteElo "2409"]
[BlackElo "2200"]
[PlyCount "67"]
[EventDate "2017.??.??"]
[WhiteTeam "SF 1903 Berlin"]
[BlackTeam "SW Nürnberg Süd"]

1. d4 Nf6 2. c4 g6 3. Nc3 d5 4. cxd5 Nxd5 5. e4 Nxc3 6. bxc3 Bg7 7. Qa4+ Nd7 8.
Nf3 c5 9. Be2 O-O 10. O-O Nf6 11. Bd3 Bg4 12. Ne5 a6 13. Bb2 Qc7 14. f4 Bd7 15.
Qd1 Rfd8 16. Qf3 Be8 17. Rab1 Nd7 18. Nxd7 Bxd7 19. f5 cxd4 20. fxg6 fxg6 21.
cxd4 Rf8 22. Qe2 Rxf1+ 23. Rxf1 Qb6 24. e5 Be6 25. h4 Bxa2 26. h5 Qe6 27. hxg6
hxg6 28. Rf3 Rc8 29. Rg3 Bc4 30. Bxc4 Qxc4 31. Qe4 Rc6 32. Ba3 Kf7 33. Qh4 Qe6
34. Qh7 1-0

[Event "16. Sparkassen Open 2017 - Gruppe A"]
[Site "Forchheim"]
[Date "2017.09.30"]
[Round "2.8"]
[White "Lechermann, Markus"]
[Black "Tong, Kevin"]
[Result "1/2-1/2"]
[WhiteElo "2081"]
[BlackElo "2139"]
[PlyCount "55"]
[EventDate "2017.??.??"]
[WhiteTeam "MTV Ingolstadt"]
[BlackTeam "SC Erlangen"]

1. d4 d5 2. Bf4 Nf6 3. e3 Bf5 4. c4 e6 5. Qb3 b6 6. Nc3 Bd6 7. Bxd6 Qxd6 8.
cxd5 exd5 9. Nb5 Qe7 10. Rc1 c6 11. Na3 O-O 12. Nf3 c5 13. Be2 Nbd7 14. O-O c4
15. Qd1 Rab8 16. Nc2 b5 17. a3 a5 18. Nd2 b4 19. axb4 axb4 20. Re1 Rfc8 21. Nf1
b3 22. Na3 Qb4 23. Qd2 Qxd2 24. Nxd2 Nb6 25. Nb5 Bg6 26. Nc3 Ra8 27. Ra1 Re8
28. Bf3 1/2-1/2

[Event "16. Sparkassen Open 2017 - Gruppe A"]
[Site "Forchheim"]
[Date "2017.09.30"]
[Round "2.9"]
[White "Eiber, Manfred"]
[Black "Kast, Joannis"]
[Result "1-0"]
[WhiteElo "2163"]
[BlackElo "2062"]
[PlyCount "105"]
[EventDate "2017.??.??"]
[WhiteTeam "SW Nürnberg Süd"]
[BlackTeam "SK Jöhlingen"]

1. d4 d5 2. Bg5 Nf6 3. e3 e6 4. Nd2 c5 5. c3 Nc6 6. f4 Be7 7. Bd3 Nd7 8. Ngf3
f6 9. Bh4 e5 10. Nxe5 fxe5 11. Qh5+ Kf8 12. Bxe7+ Qxe7 13. fxe5 Ndxe5 14. dxe5
Nxe5 15. O-O+ Kg8 16. Nf3 Nxf3+ 17. Rxf3 Be6 18. Raf1 Re8 19. Bb5 Rd8 20. Qe5
h5 21. Ba4 Rh6 22. Bb3 h4 23. h3 Rg6 24. Bc2 Qg5 25. Qh2 Rf6 26. Rxf6 gxf6 27.
Qc7 Rd7 28. Qc8+ Kg7 29. Qxc5 Bxh3 30. Rf2 Be6 31. Qd4 b6 32. Qf4 Rf7 33. Kh2
Kg8 34. Bb3 Qe5 35. e4 Rd7 36. Qxe5 fxe5 37. Rd2 Kf7 38. Bxd5 Bxd5 39. Rxd5 Re7
40. Kh3 Ke6 41. Kxh4 Rf7 42. g3 Rf2 43. Rb5 Re2 44. Rb4 Kf6 45. Kg4 Re3 46. a4
Ke6 47. Rc4 a6 48. Rc6+ Kd7 49. Rxb6 Rxe4+ 50. Kf5 Re1 51. a5 e4 52. Kf4 e3 53.
Kf3 1-0

[Event "16. Sparkassen Open 2017 - Gruppe A"]
[Site "Forchheim"]
[Date "2017.09.30"]
[Round "2.10"]
[White "Manthey, Frank"]
[Black "Hartl, Aldo"]
[Result "1-0"]
[WhiteElo "2049"]
[BlackElo "2132"]
[PlyCount "51"]
[EventDate "2017.??.??"]
[WhiteTeam "SK Schwanstetten"]
[BlackTeam "TSV Trostberg"]

1. e4 e5 2. Nf3 Nc6 3. Bb5 a6 4. Ba4 d6 5. c3 f5 6. d3 Nf6 7. Nbd2 Be7 8. O-O
Nd7 9. d4 O-O 10. Bb3+ Kh8 11. exf5 Rxf5 12. Ne4 Nf8 13. Ng3 Rf6 14. dxe5 dxe5
15. Qxd8 Bxd8 16. Bg5 Rxf3 17. Bxd8 Rd3 18. Bxc7 Be6 19. Rad1 Bxb3 20. Rxd3 Bc4
21. Rfd1 Bxd3 22. Rxd3 Rc8 23. Bb6 Kg8 24. Kf1 Kf7 25. Ne4 Kg6 26. Rg3+ 1-0

[Event "16. Sparkassen Open 2017 - Gruppe A"]
[Site "Forchheim"]
[Date "2017.09.30"]
[Round "2.11"]
[White "Smolka, Alexander"]
[Black "Hoffmann, Sebastian"]
[Result "0-1"]
[WhiteElo "2088"]
[BlackElo "1932"]
[PlyCount "124"]
[EventDate "2017.??.??"]
[WhiteTeam "SV Stuttgart-Wolfbusch"]
[BlackTeam "SC Noris-Tarrasch Nürnberg"]

1. e4 d5 2. exd5 Qxd5 3. Nc3 Qd8 4. d4 Nf6 5. Bc4 a6 6. a4 Nc6 7. Nge2 Bf5 8.
Be3 Nb4 9. Bb3 e6 10. Ng3 Bg6 11. Nce2 Nfd5 12. Nf4 Nxe3 13. fxe3 Nd5 14. Nxd5
exd5 15. Qf3 c6 16. O-O Be7 17. e4 O-O 18. exd5 Bf6 19. c3 Qb6 20. Ra3 a5 21.
Bd1 cxd5 22. Rb3 Qc6 23. Rb5 Be4 24. Nxe4 dxe4 25. Qg4 Rfe8 26. Bb3 e3 27. Bd5
Qd6 28. Bxb7 Rab8 29. Qf3 Re7 30. Bc6 Rc8 31. Bb7 Rb8 32. Bc6 Rc8 33. Bd5 Rce8
34. Bc4 e2 35. Re1 Bxd4+ 36. Kh1 Ba7 37. Rf5 Qd2 38. Qg3 Rd8 39. Bb3 Rb7 40.
Rb5 Rbd7 41. Re5 Bb8 42. R5xe2 Qxe2 43. Rxe2 Bxg3 44. hxg3 Rd2 45. Re7 Rxb2 46.
Bd5 g5 47. c4 g4 48. Re4 h5 49. Kg1 Ra2 50. Re5 Rb8 51. Be4 Rxa4 52. Rg5+ Kf8
53. Rxh5 Ra1+ 54. Kf2 Rb2+ 55. Ke3 Re1+ 56. Kd3 Rb3+ 57. Kd4 a4 58. Ra5 a3 59.
Bd5 Rd1+ 60. Ke5 Rd2 61. Kd6 a2 62. Ra8+ Kg7 0-1

[Event "16. Sparkassen Open 2017 - Gruppe A"]
[Site "Forchheim"]
[Date "2017.09.30"]
[Round "2.12"]
[White "Schmidt, Olaf"]
[Black "Pfadenhauer, Johannes"]
[Result "0-1"]
[WhiteElo "2076"]
[BlackElo "2097"]
[PlyCount "86"]
[EventDate "2017.??.??"]
[WhiteTeam "SK Rochade Augsburg"]
[BlackTeam "TSV Bindlach"]

1. d4 Nf6 2. g3 g6 3. Bg2 Bg7 4. e4 d6 5. Ne2 O-O 6. Nbc3 c5 7. dxc5 dxc5 8.
Qxd8 Rxd8 9. e5 Ne8 10. f4 Na6 11. a3 Rb8 12. Be3 Bf5 13. Be4 f6 14. Bxf5 gxf5
15. exf6 Nxf6 16. h3 b6 17. Kf2 Nc7 18. Rad1 Ncd5 19. Nxd5 Nxd5 20. Bc1 b5 21.
g4 e6 22. gxf5 exf5 23. Ng3 Ne7 24. c3 b4 25. axb4 cxb4 26. Rhe1 Rxd1 27. Rxd1
bxc3 28. bxc3 Bxc3 29. Be3 Rb7 30. Rd3 Bb4 31. Rd8+ Kf7 32. Rh8 Kg6 33. Bd4 Bd6
34. Rf8 Bc5 35. Rf6+ Kg7 36. Nh5+ Kg8 37. Bxc5 Rb2+ 38. Kg3 Rb3+ 39. Kh4 Ng6+
40. Kg5 Rxh3 41. Rxf5 a5 42. Rd5 Rxh5+ 43. Kxh5 Nxf4+ 0-1

[Event "16. Sparkassen Open 2017 - Gruppe A"]
[Site "Forchheim"]
[Date "2017.09.30"]
[Round "2.13"]
[White "Ulusoy, Tolga"]
[Black "Wichmann, Adrian"]
[Result "1-0"]
[WhiteElo "2082"]
[BlackElo "2018"]
[PlyCount "125"]
[EventDate "2017.??.??"]
[WhiteTeam "SC Noris-Tarrasch Nürnberg"]
[BlackTeam "SC Forchheim"]

1. e4 c5 2. c3 g6 3. d4 cxd4 4. cxd4 d5 5. e5 Nc6 6. Nc3 Bg7 7. Bb5 Nh6 8. h3
O-O 9. Nf3 f6 10. O-O fxe5 11. Bxc6 bxc6 12. Nxe5 Qd6 13. Re1 Nf7 14. f4 Nd8
15. Be3 Ne6 16. Qd2 Ba6 17. Rac1 Rac8 18. Na4 Rc7 19. Nc5 Nxc5 20. Rxc5 Bb7 21.
Qa5 a6 22. Rec1 g5 23. Rxd5 cxd5 24. Qxc7 gxf4 25. Bd2 Ba8 26. Qxd6 exd6 27.
Nf3 Bb7 28. Rc7 Rf7 29. Rxf7 Kxf7 30. Bxf4 Ke6 31. Kf2 h6 32. g4 Bc6 33. Ke3
Bd7 34. Kd3 Bb5+ 35. Ke3 Bd7 36. Nh4 Ke7 37. b3 Bf6 38. Nf3 Bg7 39. a4 Be6 40.
Kd3 Kd7 41. Kc3 Kc6 42. Kb4 Bc8 43. Ka5 Bf8 44. b4 Kb7 45. b5 axb5 46. axb5 Be6
47. Nh4 Be7 48. Nf5 Bxf5 49. gxf5 h5 50. Bh6 Bf6 51. Bf8 Bxd4 52. Bxd6 Bf6 53.
Kb4 Kb6 54. Bc5+ Kb7 55. Kb3 Kc7 56. Kc2 Kd7 57. Kd3 Be5 58. Bd4 Bd6 59. Kc3
Ke7 60. Kb3 Kd7 61. Ka4 Kc7 62. Ka5 Kb7 63. f6 1-0

[Event "16. Sparkassen Open 2017 - Gruppe A"]
[Site "Forchheim"]
[Date "2017.09.30"]
[Round "2.14"]
[White "Gentner, Markus"]
[Black "Amtmann, Florian"]
[Result "0-1"]
[WhiteElo "2006"]
[BlackElo "2101"]
[PlyCount "90"]
[EventDate "2017.??.??"]
[WhiteTeam "SC Murrhardt"]
[BlackTeam "Spvgg Stetten"]

1. Nf3 Nf6 2. c4 g6 3. b4 Bg7 4. Bb2 O-O 5. e3 b6 6. Be2 Bb7 7. d3 d6 8. Nbd2
e5 9. Qc2 a5 10. a3 Nc6 11. Qb3 Nd7 12. h4 h6 13. g4 axb4 14. axb4 Rxa1+ 15.
Bxa1 Qa8 16. Bc3 Ne7 17. e4 Re8 18. h5 g5 19. O-O Nf8 20. Ra1 Qd8 21. Ne1 Ne6
22. Ng2 Nc6 23. Ne3 Ncd4 24. Bxd4 Nxd4 25. Qd1 Bc6 26. Nb3 Ne6 27. Nf5 Qd7 28.
Nd2 Nf4 29. Nf1 b5 30. f3 Rb8 31. Rb1 Ra8 32. N1e3 Ra2 33. Bf1 Ra3 34. Rb3 Ra4
35. Nxg7 Kxg7 36. d4 Qe8 37. d5 bxc4 38. Bxc4 Bb5 39. Qf1 Bxc4 40. Qxc4 Ra1+
41. Kf2 Ra2+ 42. Nc2 Qa4 43. Rc3 Qa7+ 44. Re3 Rb2 45. Qc3 Qa2 0-1

[Event "16. Sparkassen Open 2017 - Gruppe A"]
[Site "Forchheim"]
[Date "2017.09.30"]
[Round "2.15"]
[White "Brunner, Jan"]
[Black "Martin Fernandez, Rodrigo"]
[Result "1/2-1/2"]
[WhiteElo "1992"]
[BlackElo "2115"]
[PlyCount "102"]
[EventDate "2017.??.??"]
[WhiteTeam "TSV Schönaich"]
[BlackTeam "SC Erlangen"]

1. d4 Nf6 2. c4 e6 3. g3 d5 4. Nf3 Be7 5. Bg2 O-O 6. O-O dxc4 7. Qc2 a6 8. a4
Nc6 9. Qxc4 Bd7 10. Ne5 Ra7 11. Nxc6 Bxc6 12. Bxc6 bxc6 13. Nc3 Qd7 14. Rd1 Rb8
15. Rb1 a5 16. f3 Rb4 17. Qa2 Rab7 18. Be3 Rb8 19. Bf2 h6 20. e4 Qc8 21. Rd2
Qb7 22. Nd1 Rb3 23. Be3 Rd8 24. Rc1 c5 25. Rc3 Rxc3 26. bxc3 cxd4 27. cxd4 Rb8
28. Rb2 Bb4 29. Qc4 Ne8 30. Rc2 Rc8 31. Nf2 c6 32. Nd3 Bd6 33. d5 exd5 34. exd5
c5 35. Rb2 Qe7 36. Kf2 Nf6 37. Rd2 Nd7 38. Rb2 Re8 39. Bf4 Bxf4 40. Nxf4 Qe3+
41. Kg2 Qxf3+ 42. Kxf3 Ne5+ 43. Kf2 Nxc4 44. Rb5 Ne5 45. Rxa5 c4 46. d6 Kf8 47.
Nd5 Rc8 48. Ke2 Nd7 49. Ra7 Rd8 50. Rc7 Ne5 51. Ke3 f6 1/2-1/2

[Event "16. Sparkassen Open 2017 - Gruppe A"]
[Site "Forchheim"]
[Date "2017.09.30"]
[Round "2.16"]
[White "Meulner, Klaus"]
[Black "Gil, Arthur"]
[Result "1-0"]
[WhiteElo "2117"]
[BlackElo "2067"]
[PlyCount "79"]
[EventDate "2017.??.??"]
[WhiteTeam "SW Nürnberg Süd"]
[BlackTeam "SU Ebersberg-Grafing"]

1. d4 Nf6 2. c4 c5 3. d5 b5 4. Nf3 g6 5. cxb5 a6 6. b6 d6 7. Nc3 Qxb6 8. Nd2
Bg7 9. e4 O-O 10. Nc4 Qb7 11. Be2 Nbd7 12. O-O Nb6 13. Ne3 Bd7 14. a4 Rab8 15.
f4 e6 16. dxe6 Bxe6 17. a5 Nc8 18. Bf3 Qb4 19. Ra4 Qb3 20. Qxb3 Bxb3 21. Ra3
Re8 22. g4 Na7 23. g5 Nh5 24. Ned5 Bc4 25. Rd1 Nb5 26. Nxb5 Bxb5 27. Nc7 Red8
28. Nxb5 Rxb5 29. e5 Rb4 30. Bxh5 gxh5 31. Rad3 Kf8 32. Rxd6 Rxd6 33. Rxd6 Rd4
34. Rxd4 cxd4 35. Kf2 h6 36. gxh6 Bxh6 37. Kf3 f6 38. exf6 Kf7 39. Ke4 Kxf6 40.
b4 1-0

[Event "16. Sparkassen Open 2017 - Gruppe A"]
[Site "Forchheim"]
[Date "2017.09.30"]
[Round "2.17"]
[White "Krüger, Till"]
[Black "Woll, Wilfried"]
[Result "0-1"]
[WhiteElo "1991"]
[BlackElo "2080"]
[PlyCount "68"]
[EventDate "2017.??.??"]
[WhiteTeam "SC Nidderau"]
[BlackTeam "Greifswalder SV"]

1. e4 e6 2. d4 d5 3. Nd2 Nf6 4. e5 Nfd7 5. Bd3 c5 6. c3 Nc6 7. Ne2 cxd4 8. cxd4
f6 9. exf6 Nxf6 10. Nf3 Bd6 11. Bf4 O-O 12. O-O Ng4 13. Bxd6 Qxd6 14. Ng3 e5
15. dxe5 Ncxe5 16. Nxe5 Qxe5 17. Rc1 Be6 18. Bb1 Qxb2 19. Qd3 g6 20. Rc2 Qb6
21. Re2 Rad8 22. h3 Nf6 23. Rfe1 Bf7 24. Bc2 Rfe8 25. Ba4 Rxe2 26. Rxe2 Qb4 27.
Bb3 b5 28. Qf3 Kg7 29. Qe3 Re8 30. Nf5+ gxf5 31. Qg5+ Bg6 32. Rxe8 Nxe8 33.
Bxd5 Qe1+ 34. Kh2 Qe5+ 0-1

[Event "16. Sparkassen Open 2017 - Gruppe A"]
[Site "Forchheim"]
[Date "2017.09.30"]
[Round "2.19"]
[White "Englert, Jon"]
[Black "Kilian, Markus"]
[Result "0-1"]
[WhiteElo "2005"]
[BlackElo "2031"]
[PlyCount "146"]
[EventDate "2017.??.??"]
[WhiteTeam "TV-Großostheim"]
[BlackTeam "SV Würzburg"]

1. g3 g6 2. Bg2 Bg7 3. d3 d6 4. Nd2 c5 5. e4 Nc6 6. Ne2 e6 7. O-O Nge7 8. c3
O-O 9. f4 Rb8 10. Nf3 d5 11. Be3 b6 12. Qc2 Ba6 13. Rfd1 Rc8 14. Qa4 Bb7 15.
Rd2 a6 16. Qd1 Qc7 17. Nh4 Rfd8 18. f5 d4 19. cxd4 cxd4 20. Bf2 e5 21. Bh3 Rb8
22. Rc2 Qd6 23. a3 g5 24. Nf3 f6 25. Nd2 Bc8 26. Nc4 Qc7 27. b4 Bd7 28. Qb1 Be8
29. Qb2 Nc8 30. Rac1 Nd6 31. Nxd6 Qxd6 32. Qb3+ Kh8 33. Be1 Rbc8 34. Kh1 Na7
35. Ng1 Rxc2 36. Rxc2 Qd7 37. Bg4 Rc8 38. Bd1 Rxc2 39. Qxc2 Qc6 40. Qxc6 Bxc6
41. Bb3 Nb5 42. a4 Nd6 43. Ne2 Nxf5 44. b5 axb5 45. axb5 Bxb5 46. exf5 Bxd3 47.
Nc1 Bxf5 48. Kg2 Bf8 49. Na2 e4 50. Bb4 Kg7 51. Bxf8+ Kxf8 52. Nb4 Bg4 53. h3
Bd7 54. Nd5 Be6 55. g4 h6 56. Kf2 f5 57. gxf5 Bxf5 58. Nxb6 Bxh3 59. Bd5 e3+
60. Ke2 Bf5 61. Nc4 Ke7 62. Bg2 Ke6 63. Bf3 g4 64. Bh1 h5 65. Bg2 h4 66. Bb7 h3
67. Bc8+ Kf6 68. Bb7 g3 69. Nxe3 dxe3 70. Kxe3 Ke5 71. Kf3 g2 72. Kf2 Be4 73.
Bxe4 Kxe4 0-1

[Event "16. Sparkassen Open 2017 - Gruppe A"]
[Site "Forchheim"]
[Date "2017.09.30"]
[Round "2.20"]
[White "Böhme, Markus"]
[Black "Brenner, Christian"]
[Result "1/2-1/2"]
[WhiteElo "2028"]
[BlackElo "2020"]
[PlyCount "23"]
[EventDate "2017.??.??"]
[WhiteTeam "SC Uttenreuth"]
[BlackTeam "Zabo-Eintracht Nürnberg"]

1. e4 e5 2. Nf3 Nc6 3. d4 exd4 4. Nxd4 Bc5 5. Be3 Qf6 6. c3 Nge7 7. Bc4 Ne5 8.
Be2 Qg6 9. O-O d6 10. f4 Bh3 11. Rf2 Ng4 12. f5 1/2-1/2

[Event "16. Sparkassen Open 2017 - Gruppe A"]
[Site "Forchheim"]
[Date "2017.09.30"]
[Round "2.21"]
[White "Guggenberger, Guido"]
[Black "Mantel, Ruben"]
[Result "1/2-1/2"]
[WhiteElo "1972"]
[BlackElo "1939"]
[PlyCount "33"]
[EventDate "2017.??.??"]
[WhiteTeam "TV Tegernsee"]
[BlackTeam "SC Noris-Tarrasch Nürnberg"]

1. d4 d5 2. c4 e6 3. g3 Nf6 4. Bg2 Bb4+ 5. Bd2 Be7 6. Nf3 dxc4 7. Qa4+ Bd7 8.
Qxc4 Bc6 9. Nc3 O-O 10. O-O a6 11. a4 Nbd7 12. Rfe1 Ne4 13. Nxe4 Bxe4 14. Bb4
Rc8 15. Red1 Bd5 16. Bxe7 Qxe7 17. Qd3 1/2-1/2

[Event "16. Sparkassen Open 2017 - Gruppe A"]
[Site "Forchheim"]
[Date "2017.09.30"]
[Round "2.22"]
[White "Süß, Stefan"]
[Black "Adelhütte, Dennis"]
[Result "1/2-1/2"]
[WhiteElo "2031"]
[BlackElo "1941"]
[PlyCount "62"]
[EventDate "2017.??.??"]
[WhiteTeam "SC Noris-Tarrasch Nürnberg"]
[BlackTeam "SC JÄKLECHEMIE"]

1. e4 e6 2. d4 d5 3. Nc3 Nf6 4. e5 Nfd7 5. f4 c5 6. Nf3 Nc6 7. Be3 a6 8. Qd2 b5
9. dxc5 Bxc5 10. Bd3 Bb7 11. Bf2 Qb6 12. O-O Bxf2+ 13. Qxf2 Qxf2+ 14. Kxf2 Nc5
15. Ne2 f6 16. Ned4 fxe5 17. Nxc6 e4 18. Nce5 exf3 19. Nxf3 O-O 20. g3 Rac8 21.
Ke3 Rc7 22. c3 Rfc8 23. Rf2 Bc6 24. Ng5 h6 25. Nf3 Nxd3 26. Kxd3 b4 27. cxb4
Bb5+ 28. Ke3 Rc4 29. a3 Re4+ 30. Kd2 Rec4 31. Ke3 Re4+ 1/2-1/2

[Event "16. Sparkassen Open 2017 - Gruppe A"]
[Site "Forchheim"]
[Date "2017.09.30"]
[Round "2.23"]
[White "Bendel, Ralf"]
[Black "Lichii, Elizaveta"]
[Result "1/2-1/2"]
[WhiteElo "2116"]
[BlackElo "1906"]
[PlyCount "60"]
[EventDate "2017.??.??"]
[WhiteTeam "SC Friedberg Gehörl. SV"]

1. e4 c5 2. c3 Nf6 3. e5 Nd5 4. d4 cxd4 5. Nf3 e6 6. cxd4 d6 7. a3 Qc7 8. Bd3
Nc6 9. O-O Be7 10. Re1 dxe5 11. dxe5 O-O 12. Qc2 h6 13. Bd2 Rd8 14. Nc3 Nxc3
15. Bxc3 Bd7 16. Qe2 Bf8 17. Qe4 g6 18. Rac1 Ne7 19. Nd4 Nd5 20. Bd2 Qb6 21. b4
Be8 22. Nf3 Bb5 23. Bb1 Rdc8 24. h4 Bg7 25. h5 Be8 26. hxg6 fxg6 27. Ba2 Bf7
28. Qe2 Qd8 29. Bb1 Rxc1 30. Rxc1 Rc8 1/2-1/2

[Event "16. Sparkassen Open 2017 - Gruppe A"]
[Site "Forchheim"]
[Date "2017.09.30"]
[Round "2.24"]
[White "Bachhuber, Dominik"]
[Black "Böhme, Sebastian"]
[Result "0-1"]
[WhiteElo "1909"]
[BlackElo "2090"]
[PlyCount "82"]
[EventDate "2017.??.??"]
[WhiteTeam "SC JÄKLECHEMIE"]
[BlackTeam "SC Uttenreuth"]

1. Nf3 e6 2. g3 d5 3. Bg2 Nf6 4. d3 c5 5. O-O g6 6. Nbd2 Bg7 7. c4 O-O 8. Ne5
b6 9. Rb1 Bb7 10. b4 cxb4 11. a3 Nbd7 12. Nxd7 Qxd7 13. Rxb4 dxc4 14. Bxb7 Qxb7
15. Rxc4 Nd5 16. Ne4 Qe7 17. Qb3 Rfc8 18. Bg5 Qd7 19. Rfc1 h6 20. Bd2 Rxc4 21.
Rxc4 Rc8 22. Qc2 Rxc4 23. Qxc4 b5 24. Qc1 h5 25. Nc5 Qc6 26. e4 Bf8 27. d4 Nb6
28. Bh6 Bxh6 29. Qxh6 Nc4 30. Qf4 e5 31. Qg5 exd4 32. Qd8+ Kh7 33. Qxd4 Nxa3
34. Nd7 Qc1+ 35. Kg2 Nc2 36. Nf6+ Kh8 37. Qd8+ Kg7 38. Ne8+ Kh6 39. Qf6 Ne1+
40. Kh3 Qc8+ 41. Kh4 Ng2# 0-1

[Event "16. Sparkassen Open 2017 - Gruppe A"]
[Site "Forchheim"]
[Date "2017.09.30"]
[Round "2.25"]
[White "Gerl, Hans"]
[Black "Bethke, Robert"]
[Result "0-1"]
[WhiteElo "2057"]
[BlackElo "1900"]
[PlyCount "70"]
[EventDate "2017.??.??"]
[WhiteTeam "SK Zirndorf"]
[BlackTeam "SF Neuberg"]

1. d4 d5 2. c4 e6 3. Nc3 Nf6 4. e3 Be7 5. Nf3 O-O 6. Qc2 b6 7. cxd5 exd5 8. Bd3
Bb7 9. O-O Nbd7 10. b3 Rc8 11. Bb2 c5 12. Qe2 Ne4 13. Rac1 Bf6 14. Rfd1 Qe7 15.
Ba6 cxd4 16. Nxd4 Nxc3 17. Bxc3 Bxa6 18. Qxa6 Nc5 19. Qe2 Ne4 20. Bb2 Bxd4 21.
Bxd4 f5 22. Qh5 Qe6 23. f3 Nc3 24. Rxc3 Rxc3 25. Qg5 Rc7 26. h4 h6 27. Qf4 Rfc8
28. Kh2 Re7 29. Qg3 Qf7 30. Qd6 f4 31. exf4 Rd7 32. Qa3 Qxf4+ 33. Kh3 g5 34.
Bf2 g4+ 35. fxg4 Rc3+ 0-1

[Event "16. Sparkassen Open 2017 - Gruppe A"]
[Site "Forchheim"]
[Date "2017.09.30"]
[Round "2.26"]
[White "Diller, Peter"]
[Black "Wolf, Pablo"]
[Result "1-0"]
[WhiteElo "1976"]
[BlackElo "1940"]
[PlyCount "109"]
[EventDate "2017.??.??"]
[WhiteTeam "SK Rothenburg"]
[BlackTeam "SC Bamberg"]

1. e4 c5 2. f4 e6 3. Nf3 Nc6 4. Be2 d6 5. d3 g6 6. O-O Bg7 7. c3 Nge7 8. Na3
O-O 9. Qe1 a6 10. Bd2 b5 11. Qh4 Bd7 12. Ng5 h6 13. Nf3 Nc8 14. Qg3 Kh7 15. h4
h5 16. Ng5+ Kh8 17. Nc2 f6 18. Nh3 N8e7 19. Ne3 f5 20. Rae1 Qe8 21. Bf3 Qf7 22.
Re2 d5 23. Ng5 Qg8 24. Rfe1 Rae8 25. exd5 Nxd5 26. Bxd5 exd5 27. Qf3 Ne7 28.
Nc2 Nc6 29. Ne3 Ne7 30. Nc2 Nc6 31. Qf2 d4 32. cxd4 Rxe2 33. Rxe2 cxd4 34. b3
Re8 35. Bc1 Qd5 36. Rxe8+ Bxe8 37. Bb2 Qd6 38. Qe2 Qd7 39. g3 Bf7 40. Qf2 Kg8
41. Nf3 Qd6 42. Bxd4 Nxd4 43. Ncxd4 Bd5 44. Qe3 Qb6 45. Kf2 Bxd4 46. Qxd4 Qxd4+
47. Nxd4 Kf7 48. Ke3 Ke7 49. Nf3 Bxf3 50. Kxf3 a5 51. Ke3 Ke6 52. Kd4 Kd6 53.
a3 a4 54. b4 Kc6 55. Ke5 1-0